Claiming reality (Record no. 992395)

MARC details
000 -LEADER
fixed length control field 00677nam a2200241Ia 4500
003 - CONTROL NUMBER IDENTIFIER
control field OSt
005 - DATE AND TIME OF LATEST TRANSACTION
control field 20221005084310.0
008 - FIXED-LENGTH DATA ELEMENTS--GENERAL INFORMATION
fixed length control field 221004b |||||||| |||| 00| 0 eng d
037 ## - SOURCE OF ACQUISITION
Terms of availability Textual
040 ## - CATALOGING SOURCE
Original cataloging agency CRL
Transcribing agency CRL
Language of cataloging eng
041 ## - LANGUAGE CODE
Source of code eng
Language code of text/sound track or separate title eng
100 ## - MAIN ENTRY--PERSONAL NAME
Personal name Levesque-Lopman Louise
9 (RLIN) 613185
245 #0 - TITLE STATEMENT
Title Claiming reality
Remainder of title Phenomenology and women's experience
260 ## - PUBLICATION, DISTRIBUTION, ETC.
Place of publication, distribution, etc. New Jersey
Name of publisher, distributor, etc. Rowman and Littlefield
Date of publication, distribution, etc. 1988
300 ## - PHYSICAL DESCRIPTION
Extent 186p.
Dimensions cm.
650 ## - SUBJECT ADDED ENTRY--TOPICAL TERM
Topical term or geographic name entry element PHILOSOPHY
942 ## - ADDED ENTRY ELEMENTS (KOHA)
Classification part R39(Y15), M8
Koha item type Textual
Source of classification or shelving scheme
Holdings
Withdrawn status Lost status Damaged status Not for loan Home library Current library Date acquired Total Checkouts Full call number Barcode Date last seen Price effective from Koha item type
        Central Library Central Library 2022-10-05   R39(Y15) M8 CL1040085 2022-10-05 2022-10-05 Textual
Copyright @ Delhi University Library System